00690nam a2200205Ia 4500003000900000008004100009020001800050040001600068080002200084245011400106260003600220300001000256650002900266650001900295650002100314700002900335942000700364999001500371952009800386IN-BaIIA211028s9999 xx 000 0 eng d a0-8243-1527-8 cIIA Library a(05)539.1bANN-27 0aAnnual review of nuclear sciencebvol. 27cedited by Emilio Segre  aPalo AltobAnnual Reviewsc1977 a568p. aHigh energy interactions aNASA Thesaurus aNuclear research aSegre, Emilio, ed.99925 cBK c5729d5729 00104070aBANbBANcGENd1978-03-16l0o(05)539.1/ ANN-27p6405r2021-11-05w1978-03-16yBK